[Event "GCT Croatia Blitz 2021"]
[Site "Zagreb"]
[Date "2021.07.10"]
[Round "11"]
[White "Van Foreest, Jorden"]
[Black "Korobov, Anton"]
[Result "0-1"]
[WhiteElo "2688"]
[BlackElo "2683"]
[Annotator "TA"]
[PlyCount "62"]
[EventDate "2021.07.10"]
[EventType "tourn"]
[EventCountry "CRO"]
[SourceTitle "playchess.com"]
[Source "ChessBase"]
[SourceQuality "1"]

{[%evp 20,62,30,0,22,-3,-7,0,-5,0,0,-12,0,-6,-6,-34,-18,-91,-91,-92,-54,-79,24,
44,44,48,50,0,60,19,26,0,-2,-54,-14,-156,-151,-185,-140,-557,-591,-1006,-1025,
-29996,-29997]} 1. e4 c5 2. Nf3 Nc6 3. c3 e6 4. d4 d5 5. exd5 exd5 6. Bb5 Bd6
7. O-O Nge7 8. dxc5 Bxc5 9. Nbd2 O-O 10. Nb3 Bb6 11. h3 Qd6 {C09: French
Tarrasch: 3...c5 4 exd5 exd5 5 Ngf3 Nc6.} 12. Nbd4 Nxd4 13. Nxd4 Nf5 {[#] The
position is equal.} 14. Nf3 $146 ({Predecessor:} 14. Nxf5 Bxf5 15. Bd3 Qg6 16.
Bxf5 Qxf5 17. Be3 Bxe3 18. fxe3 Qg5 19. Qd3 Rfe8 20. Rf4 {1/2-1/2 (72) Prasca
Sosa,R (2352)-Shaw,J (2484) Bled 2002}) 14... h6 15. Bd3 Bd7 16. Qc2 Qf6 17.
Re1 Rae8 18. Bf4 {[#]} (18. Bd2 $1 $11) 18... Nh4 $1 $17 {[%cal Rh4f3]} 19.
Nxh4 {Bg3 is the strong threat.} Qxf4 20. Nf5 g6 (20... Qg5 $17) 21. Ne7+ $11
Rxe7 22. Rxe7 Bxh3 23. Rxb7 (23. Rae1 $5 {[%cal Rg2h3]}) 23... Bc8 (23... Bxg2
$1 $11 24. Kxg2 Qg4+ 25. Kh2 Qh4+ 26. Kg2 Qg4+ 27. Kh2 Qh4+ 28. Kg2 Qg4+) 24.
Re7 Bc5 25. Ree1 h5 {aiming for ...h4.} 26. b4 ({White should try} 26. Rad1 $11
) 26... Bb6 {[%mdl 1024] White must now prevent ...h4. Black has compensation.}
27. Qe2 (27. Bxg6 $11 fxg6 28. Qxg6+ {[%mdl 64] Double Attack} Kh8 29. Qxh5+ {
[%mdl 64] Double Attack} (29. Re7 $2 {leads to mate.} Qxf2+ 30. Kh2 Qh4#) 29...
Kg7 30. Re7+ Kf6 31. Qh7 Bxf2+ 32. Kh1 Qh4+ 33. Qxh4+ Bxh4 34. Rxa7) 27... Bg4
$17 28. Qf1 h4 {Hoping for ...Bc7.} 29. Re7 {[%mdl 8192]} (29. Kh1 $17 {
nothing else works.}) 29... h3 $19 {Strongly threatening ...Bxf2+!} 30. Rae1 {
[#]} Bxf2+ {[%mdl 576] Double Attack} 31. Kh1 (31. Qxf2 h2+) 31... hxg2+ {
Weighted Error Value: White=0.98/Black=0.13} 0-1

[Event "GCT Croatia Blitz 2021"]
[Site "Zagreb"]
[Date "2021.07.11"]
[Round "12"]
[White "Kasparov, Garry"]
[Black "Duda, Jan-Krzysztof"]
[Result "0-1"]
[WhiteElo "2812"]
[BlackElo "2738"]
[Annotator "TA"]
[PlyCount "66"]
[EventDate "2021.07.10"]
[EventType "tourn"]
[EventCountry "CRO"]
[SourceTitle "playchess.com"]
[Source "ChessBase"]
[SourceQuality "1"]

{[%evp 22,66,12,6,18,8,11,15,31,31,12,33,46,36,60,54,164,164,149,143,137,141,
160,167,175,153,195,177,181,166,150,54,58,44,48,65,71,68,62,10,8,0,0,-284,-257,
-250,-189]} 1. e4 c5 2. Nf3 d6 3. d4 cxd4 4. Nxd4 Nf6 5. Nc3 a6 6. Be2 e5 7.
Nb3 Be7 8. O-O O-O 9. Kh1 Be6 10. f4 exf4 11. Bxf4 Nc6 12. Qe1 Qc7 {B92:
Sicilian Najdorf: 6 Be2.} 13. Qg3 Kh8 14. Rad1 {[%cal Rd1d6]} Rad8 {The
position is equal.} 15. Nd5 Bxd5 16. exd5 Ne5 17. Nd4 $40 {[%mdl 128] [#]
White is up to no good.} Ne4 $146 ({Predecessor:} 17... g6 18. c4 Nfd7 19. Bh6
Rg8 20. Bc1 Bf8 21. Bg5 Re8 22. Rf4 Bg7 23. Rh4 Nf8 {1-0 (35) Moreno Carnero,J
(2515)-De Juan Tobalina,R (2136) Navalmoral 2000}) 18. Qe3 Nc5 (18... Nf6 $1
$14) 19. Bxe5 $18 dxe5 20. Nf5 {b4 is the strong threat.} Bf6 21. b4 Na4 22. c4
e4 23. d6 (23. Qxe4 Nc3 $11) 23... Qd7 24. c5 ({Not} 24. Qxe4 Nc3 $11) 24... g6
25. Nd4 ({Inferior is} 25. Qxe4 Nc3 $11) 25... Bg7 26. Bc4 ({Resist} 26. Qxe4
$6 Nc3 $14) ({White should try} 26. Qb3 $16) 26... Nb2 $14 {[%mdl 64] [#]
Double Attack} 27. Rc1 Nxc4 28. Rxc4 f5 29. Ne2 h6 30. h3 (30. h4 $14) 30... g5
$11 31. Rc2 Rde8 32. Nd4 $2 {[%mdl 8192] [#]} (32. g3 $11 {and White stays
safe.}) 32... f4 $19 33. Qd2 f3 {Never resign too early!  Weighted Error Value:
White=0.29/Black=0.09} 0-1

[Event "GCT Croatia Blitz 2021"]
[Site "Zagreb"]
[Date "2021.07.11"]
[Round "12"]
[White "Mamedyarov, Shakhriyar"]
[Black "Van Foreest, Jorden"]
[Result "1-0"]
[WhiteElo "2782"]
[BlackElo "2688"]
[Annotator "TA"]
[PlyCount "68"]
[EventDate "2021.07.10"]
[EventType "tourn"]
[EventCountry "CRO"]
[SourceTitle "playchess.com"]
[Source "ChessBase"]
[SourceQuality "1"]

{[%evp 9,68,23,21,22,30,25,27,24,23,10,8,6,24,0,0,-33,9,0,0,0,9,12,12,13,16,21,
22,0,0,0,0,0,127,131,122,105,133,133,135,136,151,145,205,198,265,114,252,108,
99,116,94,137,97,118,178,137,162,133,137,148,375]} 1. d4 d5 2. c4 e6 3. Nf3 a6
4. Nbd2 Nf6 5. g3 b6 6. Bg2 {D30: Queen's Gambit Declined: Systems without Nc3.
} Bb7 7. Ne5 Be7 8. O-O {White has an edge.} O-O {[#]} 9. Qc2 $146 ({
Predecessor:} 9. Ndf3 Ne4 10. Qc2 c5 11. Rd1 Qc8 12. b3 a5 13. Bb2 Na6 14. Rac1
Qe8 15. Qb1 {1/2-1/2 (62) Stocek,J (2567)-Mamedov,R (2709) Batumi 2018}) 9...
c5 10. cxd5 exd5 11. Rd1 Nbd7 12. Ndc4 cxd4 (12... Rc8 $5 {[%cal Rc5d4]} 13.
Qf5 cxd4 14. Nxd7 Nxd7 $17) 13. Nxd7 Nxd7 14. Rxd4 Bf6 15. Rd1 {next Nd6 is
good for White.} Rc8 16. Bxd5 Bxd5 17. Rxd5 b5 {[#]} 18. Qd1 $1 bxc4 19. Rxd7
Qb6 20. Rb1 c3 (20... Qa5 $11 {keeps the balance.}) 21. Be3 $16 Qe6 {...c2 is
the strong threat.} 22. bxc3 Qxa2 23. Bd4 Bxd4 24. cxd4 Rc2 25. Ra1 Qc4 (25...
Qb2 $16 {might work better.}) 26. e3 $18 a5 (26... Qc8 $142 27. Ra7 Qf5) 27.
Qf3 ({Not} 27. Rxa5 $2 Rc1 $19) (27. Ra7 $18 {has better winning chances.})
27... g6 {[#]} (27... a4 $16) 28. Kg2 (28. Ra7 $1 $18 {is more deadly.}) 28...
Qc3 $16 29. Rd1 a4 30. Ra7 a3 31. e4 Qxf3+ (31... Qb2 $16) 32. Kxf3 $18 {
White is clearly better.} Rc3+ 33. Kg2 Re8 {[#]} 34. e5 $1 Kg7 $2 {Weighted
Error Value: White=0.17/Black=0.24} (34... Rd8 $16 35. Rb1 Rcc8) 1-0

[Event "GCT Croatia Blitz 2021"]
[Site "Zagreb"]
[Date "2021.07.11"]
[Round "12"]
[White "Giri, Anish"]
[Black "Nepomniachtchi, Ian"]
[Result "1-0"]
[WhiteElo "2776"]
[BlackElo "2792"]
[Annotator "TA"]
[PlyCount "99"]
[EventDate "2021.07.10"]
[EventType "tourn"]
[EventCountry "CRO"]
[SourceTitle "playchess.com"]
[Source "ChessBase"]
[SourceQuality "1"]

{[%evp 14,99,0,-3,29,13,2,14,0,1,0,14,-2,0,33,22,18,27,83,90,97,95,86,61,141,
128,138,143,293,285,364,122,136,141,151,82,112,105,207,101,143,106,273,272,177,
133,272,0,321,193,236,246,237,243,271,154,218,218,232,8,7,0,0,0,0,0,0,0,0,0,0,
0,0,0,0,0,0,0,51,60,1704,1687,1281,1191,1606,1606,29994,29995]} 1. d4 Nf6 2. c4
e6 3. Nf3 d5 4. g3 a6 5. Bg2 dxc4 6. O-O Nc6 7. a4 Rb8 8. a5 {The main line 8.
a5 scores better than 8.Nc3.} b5 {E04: Open Catalan: 5 Nf3.} 9. axb6 $1 cxb6
10. Bf4 {And now Nfd2 would win.} Bd6 {The position is equal.} 11. Ne5 Ne7 12.
Bc6+ Kf8 13. Bg2 Nfd5 14. Bd2 $36 {[%mdl 2048] White is pushing.} b5 {[#]} 15.
b3 $146 ({Predecessor:} 15. e4 Nb4 16. Nxf7 Kxf7 17. e5 Nbd5 18. exd6 Qxd6 19.
Nc3 Nxc3 20. Qf3+ Nf5 21. Bf4 {0-1 (41) Chekletsov,I (2378)-Vinogradov,A (2309)
Voronezh 2017}) 15... f6 (15... cxb3 $11 16. Qxb3 Bb7) 16. bxc4 $16 fxe5 17.
cxd5 exd5 18. Bg5 Bb7 (18... exd4 $14 19. Qxd4 h6 20. Bxe7+ Qxe7) 19. Nc3 h6
20. Bxe7+ {[%mdl 64] Overworked Piece} Bxe7 (20... Qxe7 $16 21. Nxd5 Qe6) 21.
dxe5 $18 d4 22. Ne4 $2 (22. Bxb7 $18 {is the precise move to win.} Rxb7 23. e3
$1) 22... g6 23. Qd3 Kg7 24. f4 (24. Rfc1 $142) 24... Rf8 25. Nd2 {Hoping for
Bxb7.} Bxg2 (25... a5 $16) 26. Kxg2 (26. Rxa6 $18 {is more deadly.} Rb6 27.
Rxb6 Qxb6 28. Kxg2) 26... a5 $16 27. Nf3 Bc5 $2 (27... a4 $16) 28. Rfc1 $18 Qb6
29. Nh4 Be7 {[#]} (29... Bb4 $16) 30. Nf3 $2 ({White has to play} 30. Qe4 $1
$18 {Threatens to win with Rc6.} Rfc8 31. Nf3) 30... Rfd8 $2 {[%mdl 8192]} (
30... Bc5 $11) 31. Rc2 ({Weaker is} 31. f5 gxf5 32. Qxf5 a4 $18) 31... Rbc8 32.
Rxc8 Rxc8 33. Nxd4 Rd8 34. Rd1 ({Only move:} 34. e3 $18) 34... b4 (34... Kh7
$16 35. e3 a4) 35. Qc4 {aiming for Ne6+.} Qb7+ {[#]} 36. Kf2 $2 (36. e4 $1 $18
Rg8 37. Qd5 Qxd5 38. exd5) 36... Rc8 $1 $11 {[%cal Rc8c4]} 37. Qe6 {Nf5+! is
the strong threat.} Bc5 38. f5 gxf5 $1 39. Qf6+ Kh7 40. Qxf5+ Kh8 {White must
now prevent ...Rf8.} 41. Ke1 b3 42. Ne6 Qh1+ {[%mdl 64] Double Attack} 43. Kd2
$1 {Threatening mate with Qf6+.} Qd5+ ({Much worse is} 43... Bb4+ $6 44. Ke3
$16) 44. Ke1 $1 Qh1+ {[%mdl 64] Double Attack} 45. Kd2 $1 Bb4+ ({Black should
try} 45... Qd5+ $11 46. Ke1 Qh1+ {[%mdl 64] Double Attack}) 46. Ke3 $14 {
White threatens Qf6+ and mate.} Rc3+ $2 {[%mdl 8192]} (46... Qb7 $14) 47. Kf4
$18 {Intending Qf6+ and mate.} Rc4+ 48. e4 {White wants to mate with Qf6+.}
Rxe4+ 49. Qxe4 Qxd1 50. Qa8+ {Weighted Error Value: White=0.34/Black=0.52} 1-0

[Event "GCT Croatia Blitz 2021"]
[Site "Zagreb"]
[Date "2021.07.11"]
[Round "12"]
[White "Anand, Viswanathan"]
[Black "Vachier-Lagrave, Maxime"]
[Result "1/2-1/2"]
[WhiteElo "2753"]
[BlackElo "2749"]
[Annotator "TA"]
[PlyCount "177"]
[EventDate "2021.07.10"]
[EventType "tourn"]
[EventCountry "CRO"]
[SourceTitle "playchess.com"]
[Source "ChessBase"]
[SourceQuality "1"]

{[%evp 18,177,20,6,16,14,34,13,34,26,37,23,23,22,34,29,25,27,18,11,20,12,36,40,
49,33,87,41,61,50,51,26,35,25,24,30,28,26,37,-8,-8,-33,0,-12,-21,-10,-16,-112,
-10,-15,-9,-38,-25,-29,-20,-27,-6,-12,-2,-51,-51,-55,-58,-66,-66,-66,-67,-109,
-106,-76,0,-8,-8,-8,-13,-120,-120,-120,-115,-100,-106,-101,-99,-101,-112,-113,
-110,-107,-93,-96,-97,-109,-29,-70,-70,-70,-70,-70,-70,-70,-70,-70,-70,-70,-70,
-70,-70,-70,-70,-77,-66,-82,-38,-53,-54,-49,-37,-118,-118,-103,-118,-849,-849,
-849,-849,-673,-16,-29,0,0,-8,-13,-16,-22,0,0,0,-69,0,0,0,0,0,0,0,0,0,0,0,0,0,
0,0,0,0,0,0,0,0,0,0,0]} 1. e4 c5 2. Nf3 d6 3. d4 cxd4 4. Nxd4 Nf6 5. Nc3 a6 6.
a4 g6 7. Be2 Bg7 8. O-O O-O 9. Be3 Nc6 10. Qd2 Rb8 {B90: Sicilian Najdorf:
Unusual White 6th moves, 6 Be3 Ng4 and 6 Be3 e5.} 11. Rfd1 Bd7 12. h3 {[#]} Qc7
$146 ({Predecessor:} 12... Rc8 13. Nf3 Be6 14. Ng5 Ne5 15. Nxe6 fxe6 16. a5 Nc4
17. Bxc4 Rxc4 18. e5 Ne8 19. exd6 Qxd6 {1/2-1/2 (35) Adams,M (2716)-Grandelius,
N (2670) Tornelo INT 2021}) 13. Nb3 Ne5 14. a5 Nc4 15. Bxc4 Qxc4 16. f3 Rbc8
17. Qf2 Qc7 18. Bd4 Bc6 19. Nd2 Rfe8 20. Nf1 e6 21. Ne3 Bb5 (21... Qb8 $14) 22.
Qh4 Nd7 23. Bxg7 Kxg7 24. Qf2 (24. Rd4 {is interesting.} Qc5 25. Qf2 Ne5 26.
Rad1 Red8 27. f4) 24... Red8 25. Nxb5 axb5 26. c3 Ne5 27. Nc2 Qc5 28. Qxc5 dxc5
29. Ne3 Nd3 30. Rd2 c4 31. Rad1 Ra8 32. b4 (32. Ng4 $11 {remains equal.}) 32...
b6 (32... cxb3 $1 $17 33. Rxd3 Rxd3 34. Rxd3 b2) 33. axb6 $11 Rdb8 34. Nc2 (34.
Ng4 {keeps more tension.} g5 35. Nf2 Ne5 36. Rd6 h5 37. R1d2) 34... Rxb6 35.
Ne1 Nxe1 36. Rxe1 {[%mdl 4096] Endgame KRR-KRR} Ra3 37. Rc1 Rba6 38. Rd7 Ra2
39. Rb7 Rd2 {aiming for ...Raa2.} 40. Kh2 Raa2 41. Rg1 Rd3 42. Rxb5 Rxf3 43.
Rb7 h5 (43... Kh6 $17) 44. Rc7 $1 Rxc3 {...Kf6 is the strong threat.} 45. Rf1
Rcc2 46. Rcxf7+ (46. Rfxf7+ $11 Kh6 47. Kg3) 46... Kh6 $17 47. Rg1 Re2 48. Rc7
Rxe4 49. b5 Rb2 50. Rc5 h4 51. Rc1 Ree2 52. Rg1 c3 53. Rxc3 Rxb5 54. Rc4 {[#]}
g5 ({Black should play} 54... Kh5 $1 $17 {Threatening ...Rg5.} 55. Rcc1 Rg5)
55. Rg4 Rf5 56. Rc4 Rff2 57. Rc6 Kg6 58. Rb6 Kf5 59. Rb8 Kf6 60. Rf8+ Kg7 61.
Rb8 Rb2 62. Re8 Kf7 63. Rh8 e5 {Hoping for ...e4.} 64. Ra8 e4 {Threatens to
win with ...Rbc2.} 65. Ra4 Rbe2 66. Kh1 Kg6 67. Ra6+ (67. Kh2 $15) 67... Kf5
68. Ra8 Kf4 69. Rf8+ $2 {[%mdl 8192]} (69. Rg8 $17) 69... Kg3 $19 {[%mdl 64]
Discovered Attack} 70. Rg8 {[#]} Rf5 $1 71. Re8 g4 $2 ({Better is} 71... e3 $19
{And now ...Kf2 would win.} 72. Re7 Kf2) 72. hxg4 $11 Rf4 ({Resist} 72... Kxg4
73. Kh2 $17) 73. g5 Rg4 74. Re5 Kf4 {[%mdl 64] Double Attack} 75. Ra5 Rxg5 76.
Rf1+ Kg4 77. Ra3 (77. Ra8 $11) 77... Kh5 (77... Rf5 $15 78. Kg1 Kg5 79. Rxf5+
Kxf5) 78. Rf4 {The position is equal.} Rexg2 {Strongly threatening ...R2g4.} ({
Don't do} 78... Rgxg2 79. Rxe4 Rh2+ 80. Kg1 $15) 79. Rxe4 Rg1+ 80. Kh2 R1g2+
81. Kh1 Rg1+ 82. Kh2 R1g2+ 83. Kh3 R2g3+ (83... Kg6 {seems wilder.} 84. Rxh4
Rg1 85. Ra6+ Kf7 86. Ra7+ Kf6) 84. Rxg3 Rxg3+ 85. Kh2 Rg4 86. Rxg4 Kxg4 87. Kg2
h3+ 88. Kh2 Kf5 89. Kxh3 {Weighted Error Value: White=0.14/Black=0.13} 1/2-1/2

[Event "GCT Croatia Blitz 2021"]
[Site "Zagreb"]
[Date "2021.07.11"]
[Round "12"]
[White "Korobov, Anton"]
[Black "Grischuk, Alexander"]
[Result "1-0"]
[WhiteElo "2683"]
[BlackElo "2778"]
[Annotator "TA"]
[PlyCount "80"]
[EventDate "2021.07.10"]
[EventType "tourn"]
[EventCountry "CRO"]
[SourceTitle "playchess.com"]
[Source "ChessBase"]
[SourceQuality "1"]

{[%evp 29,80,0,0,0,0,0,2,7,6,0,0,0,0,0,12,0,-2,-60,0,0,0,0,0,-28,0,0,0,0,130,
428,345,20,80,91,222,172,306,0,264,187,1490,1490,766,218,191,0,314,290,12842,
12843,29997,29998,29999]} 1. d4 {Chekhov,V} Nf6 2. c4 e6 3. Nf3 d5 4. Nc3 Be7
5. Bg5 h6 6. Bh4 O-O 7. e3 b6 8. Be2 Bb7 9. Bxf6 Bxf6 10. cxd5 exd5 11. b4 c6
12. O-O a5 13. bxa5 Rxa5 14. Qb3 Nd7 15. a4 Re8 16. Rfe1 {D58: Queen's Gambit
Declined: Tartakower Defence.} Ba6 17. Bxa6 Rxa6 18. e4 {The position is equal.
} dxe4 19. Nxe4 Re6 20. Ra2 {[#]} Be7 $146 ({Predecessor:} 20... Ra5 21. Rae2
Rd5 22. Qc4 Nf8 23. Nxf6+ Rxf6 24. Re8 Qd6 25. Qb3 Kh7 26. h4 Ne6 {1-0 (33)
Lputian,S (2585)-Petrosian,A (2435) Yerevan 1995 CBM 050 [Chekhov,V]}) 21. Rae2
{Threatening Nd6!} Bf8 22. h4 Qe7 23. Neg5 Rxe2 ({Better is} 23... hxg5 $15 24.
Qd3 Ra5 25. Nxg5 Rxg5 26. Rxe6 Rxg2+ $1 27. Kxg2 fxe6) 24. Rxe2 $11 Qxe2 25.
Qxf7+ $40 {[%mdl 128] White attacks.} Kh8 26. Ne6 {[#] Threatens to win with
Ne5!} (26. Qxd7 $5 {[%cal Rd7f5]} Qe7 27. Qc8 Rxa4 28. Ne5 $11) 26... Ra8 $1 {
...Qd1+ is the strong threat.} 27. Qxd7 Qe4 28. Ne5 {Black must now prevent
Qf7.} Qb1+ $2 {[%mdl 8192]} (28... Rxa4 $11 29. Qd8 {[%mdl 64] Double Attack}
Qf5 30. Qxf8+ (30. Nxf8 Ra1+ 31. Kh2 Qf4+ 32. g3 Qxf2+ 33. Kh3 Qf5+ 34. g4 Qf1+
35. Kg3 Ra3+ 36. Nf3 Rxf3+ {[%mdl 64] Double Attack} 37. Kh2 Rh3#) 30... Qxf8
31. Nxf8 Rxd4) 29. Kh2 $18 Qf5 30. f4 $2 (30. Qxc6 $18 Rb8 31. Nxf8 (31. Nd7
Qxf2 32. Ndxf8 Qxh4+ 33. Kg1 Qe1+ 34. Kh2 Qh4+ 35. Kg1 Qe1+ 36. Kh2 Qh4+ $11)
31... Rxf8 32. Ng6+ {[%mdl 64] Double Attack} Kh7 33. Nxf8+ Qxf8 34. Qxb6)
30... Kg8 (30... c5 $11 {remains equal.}) 31. Qxc6 $16 {[%mdl 64] Hoping for
g4. Double Attack} Qf6 32. g3 {Strongly threatening Nd7.} (32. Qxa8 Qxh4+ 33.
Kg1 Qe1+ 34. Kh2 Qh4+ 35. Kg1 Qe1+ 36. Kh2 Qh4+ $11) 32... Ra5 (32... Rxa4 $142
33. Qxa4 Qxe6) 33. Qc8 $2 (33. Nd7 $18 Qg6 34. Ndxf8) 33... Qf5 {[%mdl 8192]} (
33... Rxa4 $11 34. Qc2 (34. Nxf8 Qxf8 35. Qd7 Ra2+ 36. Kh3 Kh7 $11) 34... Ra7)
34. Qc4 {And now Ng5+ would win.} Kh7 $2 (34... Rxa4 35. Qxa4 Qxe6) 35. g4 $18
Qf6 36. Qd3+ $2 (36. g5 Qf5 37. g6+ Kh8 38. Nf7+ Kg8 39. Qc8) 36... Kg8 {[#]}
37. Qc4 ({White must play} 37. Qb3 $1 $18 Rxe5 38. Ng5+ (38. dxe5 Qxh4+ {
[%mdl 64] Double Attack} 39. Kg2 Qxg4+ 40. Kf2 g6 $11) 38... Kh8 39. Nf7+ {
[%mdl 64] Double Attack} Kh7 40. Qd3+ (40. dxe5 Qxh4+ 41. Kg2 Qxg4+ {[%mdl 64]
Double Attack} 42. Qg3 Qe2+ 43. Qf2 Qe4+ 44. Kh2 Qg6 $17) (40. Nxe5 Qxf4+ {
[%mdl 64] Double Attack} 41. Kg2 Qxd4 $11) 40... Kg8 41. Nxe5 Qxf4+ 42. Kg2)
37... Qxh4+ $2 {[%mdl 8192]} (37... Kh7 $1 $11 {and Black is okay.}) 38. Kg2 b5
$2 (38... Rxe5 39. Ng5+ Rd5 40. Qxd5+ Kh8) 39. axb5 Qe7 40. Ng5+ Kh8 {Weighted
Error Value: White=1.02/Black=0.86} 1-0

[Event "GCT Croatia Blitz 2021"]
[Site "Zagreb"]
[Date "2021.07.11"]
[Round "13"]
[White "Kasparov, Garry"]
[Black "Anand, Viswanathan"]
[Result "0-1"]
[WhiteElo "2812"]
[BlackElo "2753"]
[Annotator "TA"]
[PlyCount "51"]
[EventDate "2021.07.10"]
[EventType "tourn"]
[EventCountry "CRO"]
[SourceTitle "playchess.com"]
[Source "ChessBase"]
[SourceQuality "1"]

{[%evp 9,51,14,31,0,28,0,18,7,8,7,8,0,1,0,0,0,0,-11,-21,-18,0,-150,-147,-179,
-180,-178,-178,-173,-176,-154,-114,-137,-131,-138,-130,-107,-124,-167,-107,
-144,0,-233,-230,-225]} 1. d4 Nf6 2. c4 e6 3. Nc3 Bb4 4. Nf3 d5 5. cxd5 exd5 6.
Bf4 {D38: Queen's Gambit Declined: Ragozin Defence (4 Nf3 Bb4).} c6 7. Qc2 g6
8. e3 {The position is equal.} Bf5 9. Qb3 Qb6 10. Nh4 Be6 11. Bd3 Nh5 12. Be5
O-O 13. g4 {[#]} Bxg4 $146 {Black wants to play ...Nd7.} ({Predecessor:} 13...
Ng7 14. Bxg7 Kxg7 15. Qc2 Qd8 16. Ng2 Bxg4 17. Nf4 Qh4 18. h3 Bh5 19. Nxh5+
Qxh5 {0-1 (49) Radovanovic,M (2370)-Bosman,M (2353) Novi Sad 2016}) 14. Rg1 Be6
15. Qc2 (15. Qd1 $1 $11 Ng7 16. Bxg7 Kxg7 17. Qh5) 15... Nd7 $17 16. Bxg6 fxg6
17. Nxg6 {Threatening mate with Nh8+.} Nxe5 18. Nxf8+ Kxf8 19. dxe5 Qc7 20. f4
Qf7 21. O-O-O Bf5 22. Qb3 {[#]} a5 23. Ne2 Ng7 (23... Qe7 $19 24. Nd4 Qc5+ 25.
Nc2 Kf7) 24. Nd4 {[#]} Bc5 (24... Be4 $1 $17 {Hoping for ...c5.} 25. f5 Qe7)
25. Rg3 $2 (25. Rxg7 $1 $11 {and White stays safe.} Kxg7 26. Nxf5+ Qxf5 27.
Qxb7+ {[%mdl 64] Double Attack} Kh6 28. Qxc6+ Kh5 29. Qxa8 (29. Qxc5 $2 Rc8 $19
) 29... Bxe3+ {[%mdl 64] Double Attack} 30. Rd2 Bxd2+ 31. Kxd2 Qxf4+ {[%mdl 64]
Double Attack} 32. Kd3) 25... Bxd4 $19 26. exd4 {Weighted Error Value: White=0.
40/Black=0.16} 0-1

[Event "GCT Croatia Blitz 2021"]
[Site "Zagreb"]
[Date "2021.07.11"]
[Round "13"]
[White "Nepomniachtchi, Ian"]
[Black "Vachier-Lagrave, Maxime"]
[Result "1/2-1/2"]
[WhiteElo "2792"]
[BlackElo "2749"]
[Annotator "TA"]
[PlyCount "198"]
[EventDate "2021.07.10"]
[EventType "tourn"]
[EventCountry "CRO"]
[SourceTitle "playchess.com"]
[Source "ChessBase"]
[SourceQuality "1"]

{[%evp 18,198,34,28,42,11,20,15,17,20,20,26,42,20,22,22,34,9,39,22,45,14,26,10,
5,5,6,4,4,3,12,0,15,0,0,-7,15,19,20,0,0,-6,-1,0,0,0,0,0,0,0,0,0,0,0,0,0,0,0,50,
50,151,157,144,139,229,118,118,118,112,115,130,127,133,124,133,138,153,145,150,
148,154,151,159,163,159,161,169,175,181,164,181,190,204,181,198,195,198,173,
173,0,191,179,188,155,179,180,200,173,181,173,173,128,129,137,143,128,128,128,
128,128,128,128,128,128,128,128,128,127,127,25,26,25,25,24,25,24,25,0,25,25,33,
25,33,33,33,33,33,33,33,33,40,17,33,18,30,18,21,2,10,8,8,6,20,16,24,19,20,12,
20,20,18,12,16,0,0,0,0,0,0,0,0,0,0]} 1. c4 c5 2. Nf3 Nf6 3. Nc3 Nc6 4. d4 cxd4
5. Nxd4 e6 6. a3 Bc5 7. Nb3 Be7 8. e4 O-O 9. Be2 b6 10. O-O Bb7 {A33:
Symmetrical English: 2 Nf3 Nf6 3 d4 cxd4 4 Nxd4 e6 5 Nc3 Nc6.} 11. Bf4 d6 12.
Re1 {was the old line (12.Rc1).} Ne5 13. Nd2 Qc7 14. Rc1 Rac8 15. Bg3 Rfd8 16.
Bf1 Qb8 {[#]} 17. h3 $146 ({Predecessor:} 17. b4 Qa8 18. f4 Ng6 19. Bd3 Nd7 20.
Nf3 a6 21. Qd2 Bc6 22. Bf2 Qb8 23. Be3 {1/2-1/2 (56) Mchedlishvili,M (2601)
-Sanikidze,T (2510) Tbilisi 2017}) 17... Qa8 18. b4 Ng6 19. Qb3 Bf8 20. Qb1 d5
21. cxd5 exd5 22. exd5 Nxd5 23. Nxd5 Bxd5 24. Rxc8 Qxc8 25. Ne4 Be7 26. Re3 Qd7
27. Nc3 {Hoping for Rd3.} Be6 28. Nb5 Qd1 29. Re1 Qxb1 30. Rxb1 Rd7 31. Bb8 a5
32. Bc7 axb4 33. axb4 Bf5 34. Rc1 Bxb4 35. Bxb6 Bf8 36. Nd4 Be4 37. Rc8 Ne7 38.
Re8 Bd5 {[#]} ({Black should play} 38... g5 $14) 39. Bb5 $1 $16 {[%cal Rb5d7]}
Rb7 40. Bc5 $36 {[%mdl 2048] White is on the roll.} Rc7 {[#]} (40... g6 $16 41.
Rd8 Ba2) 41. Bd6 (41. Nf5 $1 $18 {[%cal Rf5e7][%mdl 512]} Ng6 42. Bxf8 Nxf8 43.
Ne7+ Rxe7 44. Rxe7) 41... Rc8 42. Rxe7 Bxe7 43. Bxe7 Bc4 44. Bc6 Rb8 45. Bg5 h6
46. Be3 Bd3 47. g4 Rc8 48. Kh2 Rd8 49. Kg3 Rc8 50. h4 Rd8 51. h5 Rc8 52. Kf4
Rd8 53. Bf3 Rc8 54. Bd5 Rc7 55. Ke5 Re7+ 56. Kd6 Re8 57. Kd7 Re5 58. Kd6 Re8
59. Bb3 Rb8 60. Kc7 Rb4 61. Bd5 Bc4 62. Bf3 Bd3 63. Nc6 Ra4 64. Ne7+ Kf8 65.
Nd5 Be4 66. Bc5+ Kg8 67. Ne7+ Kh7 68. Be2 Ra2 69. Bd1 {And now Bb3 would win.}
Ra1 70. Bb3 Bf3 71. Bxf7 {Bg6+ is the strong threat.} Bxg4 72. Bg6+ Kh8 73. Bd4
(73. Nd5 $16) 73... Rh1 74. Kd6 Bxh5 75. Be4 Rd1 76. Kc5 {Strongly threatening
Nf5.} Rc1+ 77. Kd6 {Threatens to win with Nf5.} Rd1 78. Ke5 Be8 79. Nf5 {
aiming for Kf4.} Bd7 80. Ne3 Rg1 81. f4 Kg8 82. Nd5 Re1 83. Bc3 Re2 84. Kd4 Be6
85. Ne3 Ra2 86. f5 Bf7 87. Ng4 Ra4+ 88. Ke3 Ra3 89. Kd3 Ra4 90. Ne5 Be8 91.
Bd5+ Kh7 {The position is equal.} 92. Bd4 Ra3+ 93. Ke4 Ra4 94. Bb3 Rb4 95. Bc2
(95. Be6 {with more complications.} Ra4 96. Nd7 h5 97. Nc5 Bc6+ 98. Ke5) 95...
Ba4 96. Bd3 Bb5 97. Bc2 Ba4 98. Bd3 Bb5 99. Bc2 Ba4 {Black defended with
fortune.  Weighted Error Value: White=0.14/Black=0.11} 1/2-1/2